[Event "ASKO Høstturnering 2009"]
[Site "Oslo"]
[Date "2009.12.08"]
[Round "8"]
[White "Øhman, Kjell Tage"]
[Black "Lade, Arnstein S."]
[Result "1-0"]
[WhiteElo "1629"]
[BlackElo "1566"]
[PlyCount "97"]
[EventDate "2009.??.??"]

1. Nf3 c5 2. d4 cxd4 3. Nxd4 d5 4. Nc3 Nc6 5. Bf4 f6 6. Bg3 e5 7. Nb3 Bb4 8. a3
Bxc3+ 9. bxc3 Nge7 10. e3 Be6 11. Be2 O-O 12. Nc5 Qc8 13. Rb1 Na5 14. Nxe6 Qxe6
15. O-O Rac8 16. Qe1 Qc6 17. c4 Nxc4 18. Qb4 Rc7 19. Rfd1 Nf5 20. e4 Nxg3 21.
hxg3 a5 22. exd5 axb4 23. dxc6 Nxa3 24. Rxb4 bxc6 25. Rb2 Nb5 26. Bxb5 cxb5 27.
Rxb5 Rfc8 28. g4 Rxc2 29. Rd7 Rc1+ 30. Kh2 R8c7 31. Rb8+ Rc8 32. Rbb7 g5 33.
Rg7+ Kh8 34. Rxh7+ Kg8 35. Rbg7+ Kf8 36. Rf7+ Kg8 37. Rhg7+ Kh8 38. Rg6 R1c4
39. f3 R8c6 40. Rfxf6 Rxf6 41. Rxf6 Rf4 42. Re6 Kg7 43. Rxe5 Kf6 44. Rf5+ Rxf5
45. gxf5 Kxf5 46. Kg3 Kg6 47. Kg4 Kh6 48. Kf5 Kh5 49. g4+ 1-0